| 000 | 00375nam a2200145Ia 4500 | ||
|---|---|---|---|
| 100 | _aBelove/A/ Drossman/M.H | ||
| 650 | _aAutomobiles | ||
| 942 | _cBK | ||
| 654 | _acircuits | ||
| 245 | _aSystem and circuits for electrical engineering technologyoy | ||
| 260 |
_bInternational student ed. _aNew York _c1976 |
||
| 082 |
_a621.3192 _bBEL |
||
| 300 | _a662 | ||
| 546 | _aENGLISH | ||
| 999 |
_c23982 _d23982 |
||